000 01101nam a22002777a 4500
999 _c113410
_d113410
003 dpl
005 20190119134830.0
008 190119b ||||| |||| 00| 0 eng d
010 _aB-038824
020 _c200.00
035 _aB-038824, B-038828
037 _bCen Lib/Ret
040 _aDPL
_bHN
_c0
082 _a821
_bतिवारी
100 _aतिवारी, रामलला
_952119
245 _aशकुन्तला :
_cरामलला तिवारी
_bखण्ड-काव्य /
246 _aShakuntala : khand-kavye /
_bby Ramlala Tiwari
260 _aदिल्ली
_bजनवाणी प्रकाशन
_c2001
270 _a30/35-36, गली नं ० 9, विश्वास नगर
_bदिल्ली
_e110032
300 _a183पृ.
_c21सेमी (सजिल्द)
650 _aहिंदी साहित्य
_952120
650 _aहिंदी--काव्य
_952121
650 _aHindi literature
_952122
650 _aHindi--Poetry
_952123
942 _2ddc
_cHN
_h821
_mतिवारी